Автографы (Запись № 937309)

Подробности
000 -МАРКЕР
контрольное поле 01300nam0a2200313 4500
001 - ИДЕНТИФИКАТОР ЗАПИСИ
контрольное поле RU\NLR\bibl\468268
005 - ИДЕНТИФИКАТОР ВЕРСИИ
контрольное поле 20250623185654.0
010 ## - МЕЖДУНАРОДНЫЙ СТАНДАРТНЫЙ НОМЕР КНИГИ (ISBN)
Номер (ISBN) 5-7000-0215-9
Тираж 50000
035 ## - ДРУГИЕ СИСТЕМНЫЕ НОМЕРА
Идентификатор записи (NLR Aleph) 000461578
100 ## - ДАННЫЕ ОБЩЕЙ ОБРАБОТКИ
Данные общей обработки 20031203e19891921|||y0rusy50 ca
101 0# - ЯЗЫК РЕСУРСА
Язык текста, звукозаписи и т.д. русский
102 ## - СТРАНА ПУБЛИКАЦИИ ИЛИ ПРОИЗВОДСТВА
Страна публикации Российская Федерация
105 ## - ПОЛЕ КОДИРОВАННЫХ ДАННЫХ: ТЕКСТОВЫЕ МАТЕРИАЛЫ, МОНОГРАФИЧЕСКИЕ
Кодированные данные о монографическом текстовом документе y |||||||||
200 1# - ЗАГЛАВИЕ И СВЕДЕНИЯ ОБ ОТВЕТСТВЕННОСТИ
Основное заглавие Автографы
Сведения, относящиеся к заглавию Андрей Белый, Валерий Брюсов, Рюрик Ивнев, Пимен Карпов, А. Луначарский, Иван Новиков, Матвей Ройзман, Семен Рубанович, Иван Рукавишников, Федор Сологуб, Марина Цветаева, И. Эренбург
205 ## - СВЕДЕНИЯ ОБ ИЗДАНИИ
Сведения об издании Репр. изд.
210 ## - ПУБЛИКАЦИЯ, РАСПРОСТРАНЕНИЕ И ДР.
Место издания, распространения и т.д. М.
Имя издателя, распространителя и т. д. Кн. палата
Дата издания, распространения и т.д. 1989
215 ## - ФИЗИЧЕСКАЯ ХАРАКТЕРИСТИКА
Специфическое обозначение материала и объем [16] с.
Другие сведения о физической характеристике факс.
Размеры 26
300 ## - ОБЩИЕ ПРИМЕЧАНИЯ
Текст примечания На тит. л. ориг. изд.: М., 1921
455 #0 - ОРИГИНАЛ, С КОТОРОГО СДЕЛАНА КОПИЯ
Встроенное поле 2001#$aАвтографы
-- 210##$aМ.$d1921
Заглавие Автографы
606 0# - НАИМЕНОВАНИЕ ТЕМЫ КАК ПРЕДМЕТ
Наименование темы Русская литература
Тематический подзаголовок Автографы
Хронологический подзаголовок 20 в.
Системный номер авторитетной/нормативной записи 1342001
Идентификатор авторитетной/нормативной записи RU\NLR\auth\66244550
686 ## - ИНДЕКСЫ ДРУГИХ КЛАССИФИКАЦИЙ
Индекс Ш6(2=Р)7-5
686 ## - ИНДЕКСЫ ДРУГИХ КЛАССИФИКАЦИЙ
Индекс Ш5(2=Р)53,1
801 #0 - ИСТОЧНИК ЗАПИСИ
Страна Российская Федерация
Организация NLR
Дата составления 20031203
Правила каталогизации PSBO
801 #1 - ИСТОЧНИК ЗАПИСИ
Страна Российская Федерация
Организация NLR
Дата составления 20031203
942 ## - ДОПОЛНИТЕЛЬНЫЕ ЭЛЕМЕНТЫ ЗАПИСИ (АБИС)
Тип экземпляра АБИС Книга
980 ## - КОЛЛЕКЦИЯ
Название коллекции Национальная библиография
Экземпляры
Тип экземпляра Дата поступления Источник поступления Библиотека постоянного хранения Библиотека текущего хранения Место хранения Шифр хранения Штрих-код Статус экземпляра
Книга 03.12.2003 Дар РНБ (Московский) РНБ (Московский) Русский книжный фонд: издания с 1957 года 2003-7/5397 600059